Capitales des subdivisions russes - Statistiques

Statistiques générales
  • Ce quiz a été pris 6 fois
  • Le résultat moyen est 37 sur 81
Statistiques - réponses
Hint Réponse % Correct
Briansk Briansk
83%
Irkoutsk Irkoutsk
83%
Kirov Kirov
83%
Koursk Koursk
83%
Oblast de Moscou Moscou
83%
Omsk Omsk
83%
Rostov Rostov-sur-le-Don
83%
Tomsk Tomsk
83%
Tver Tver
83%
Volgograd Volgograd
83%
Astrakhan Astrakhan
67%
Belgorod Belgorod
67%
Iaroslavl Iaroslavl
67%
Sverdlovsk Iekaterinbourg
67%
Ivanovo Ivanovo
67%
Kaliningrad Kaliningrad
67%
Kalouga Kalouga
67%
Kostroma Kostroma
67%
Kourgan Kourgan
67%
Krasnodar Krasnodar
67%
Krasnoïarsk Krasnoïarsk
67%
Magadan Magadan
67%
Mourmansk Mourmansk
67%
Nijni Novgorod Nijni Novgorod
67%
Novgorod Novgorod
67%
Orenbourg Orenbourg
67%
Oulianovsk Oulianovsk
67%
Penza Penza
67%
Perm Perm
67%
Pskov Pskov
67%
Riazan Riazan
67%
Samara Samara
67%
Saratov Saratov
67%
Smolensk Smolensk
67%
Tcheliabinsk Tcheliabinsk
67%
Tioumen Tioumen
67%
Toula Toula
67%
Primorié Vladivostok
67%
Voronej Voronej
67%
Sakha Iakoutsk
50%
Tatarstan Kazan
50%
Kemerovo-Kouzbass Kemerovo
50%
Lipetsk Lipetsk
50%
Stavropol Stavropol
50%
Tambov Tambov
50%
Oblast de Vladimir Vladimir
50%
Vologda Vologda
50%
Altaï Gorno-Altaïsk
33%
Tchétchénie Grozny
33%
Khabarovsk Khabarovsk
33%
Adyguée Maïkop
33%
Bachkirie Oufa
33%
Khakassie Abakan
17%
Tchoukotka Anadyr
17%
Kraï de l'Altaï Barnaoul
17%
Oblast Autonome Juif Birobidjan
17%
Oblast de l'Amour Blagovechtchensk
17%
Kalmoukie Elista
17%
Sakhaline Ioujno-Sakhalinsk
17%
Khantys-Mansis Khanty-Mansiïsk
17%
Touva Kyzyl
17%
Ingouchie Magas
17%
Daghestan Makhatchkala
17%
Kabardino-Balkarie Naltchik
17%
Nénétsie Narian-Mar
17%
Orel Oriol
17%
Bouriatie Oulan-Oudé
17%
Kamtchatka Petropavlovsk-Kamtchatski
17%
Carélie Petrozavodsk
17%
Iamalie Salekhard
17%
Mordovie Saransk
17%
Tchouvachie Tcheboksary
17%
Karatchaïévo-Tcherkessie Tcherkessk
17%
Arkhangelsk Arkhanguélsk
0%
Léningrad Gatchina
0%
Oudmourtie Ijevsk
0%
Mari El Ïochkar-Ola
0%
Novossibirsk Novissibirsk
0%
République des Komis Syktyvkar
0%
Transbaïkalie Tchita
0%
Ossétie-du-Nord-Alanie Vladikavkaz
0%
Aucun quiz correspondant
Distribution des résultats
% des personnes avec chaque résultat
Percentile par nombre de réponses
Votre historique - résultats
Vous n’avez pas pris ce quiz